Normal view
MARC view
- Abd Ur Rehman (317944)
Entry Personal Name
001 - CONTROL NUMBER
- control field: 118272
003 - CONTROL NUMBER IDENTIFIER
- control field: NUST
005 - DATE AND TIME OF LATEST TRANSACTION
- control field: 20230928113112.0
008 - FIXED-LENGTH DATA ELEMENTS
- fixed length control field: 230928|| aca||aabn | a|a d
040 ## - CATALOGING SOURCE
- Original cataloging agency: NUST
- Transcribing agency: NUST
100 ## - HEADING--PERSONAL NAME
- Personal name: Abd Ur Rehman (317944)
670 ## - SOURCE DATA FOUND
- Source citation: Work cat.: (NUST)603239: Abd Ur Rehman (317944), An Intelligent Energy Management System with an Interactive Local Power Market for a Grid-tied Community of Heterogenous Houses /, 2023
